| 000 | 00649nam a2200193 a 4500 | ||
|---|---|---|---|
| 008 | 110902s1984 ag d f |||| 001 0 spa d | ||
| 020 | _a9505051468 | ||
| 041 | _aspa | ||
| 092 |
_c616.075 _l46 _sKAL |
||
| 100 | 1 |
_aKalinov, Adolfo _9915 |
|
| 245 | 3 |
_aEl laboratorio y su interpretación semiológica / _cAdolfo Kalinov |
|
| 250 | _a2a ed. | ||
| 260 |
_aBuenos Aires: _bLópez Libreros editores; _c1984. |
||
| 300 | _a260 p. | ||
| 500 | _aKalinov, A. (1984). El laboratorio y su interpretación semiológica. (2a ed.). Buenos Aires : López Libreros editores. | ||
| 653 | _aLaboratorio | ||
| 653 | _aInterpretación semiológica | ||
| 942 |
_2ddc _cBK |
||
| 999 |
_c917 _d917 |
||